000 00716nam a2200241 a 4500
001 BRL_825
005 20190320210919.0
008 111013c1999----au-o######---#000-0#ger-#
020 _a3950097872
041 _ager
044 _aau
050 4 _aHQ1147.A97
_b.F73 1999
245 1 0 _aFrauen aus Wien
_cein fotoband von Alisa Douer ; mit texten von Ursula Seeber.
260 _aWien
_bFrauen Büro
_c1999
300 _a123 p.
_bil., fotografías blanco y negro
_c29 cm.
500 _aAu936
650 1 4 _aMujeres
_vBiografía
_zViena (Austria)
_925048
650 1 4 _aMujeres austriacas
_xExiliados
_925049
700 1 _aDouer, Alisa
_eil.
_925050
700 1 _aSeeber, Ursula
_923365
902 _aGRL
942 _2lcc
_cB
999 _c9637
_d9637